00417nam a22001457a 4500020001500000082000800015100002300023245004500046250001100091260002600102300000900128942000700137999001500144952011200159 a0582414547 a330 aAlan Griffith (ed) aApplied economics an introductory course a8th ed aLondonbLongmanc1984 a762p cBK c3154d3154 001040708NFICaCLbCLcGENd2016-05-18l1m1o330 GRIpS3H-N-610r2020-11-20s2019-03-11w2016-05-18yBK